| 000 | 00852nam a22002417a 4500 | ||
|---|---|---|---|
| 999 |
_c65029 _d65029 |
||
| 005 | 20240530110803.0 | ||
| 008 | 190115s2017 ua a g 000 0 ara d | ||
| 017 |
_a2018/9460 _bمصر. دار الكتب |
||
| 040 |
_aEG-CaGPL _cEG-CaGPL |
||
| 082 | 0 | 4 |
_221 _a784.09 _bق/ إ آ |
| 100 | 0 | _aايمان جودت | |
| 245 | 1 | 2 |
_aالالات الشعبية الموسيقية المصرية وتاكيد الهوية الثقافية / _cالمؤلف ايمان جودت |
| 250 | _aط.1 | ||
| 260 |
_aالقاهرة : _bالمؤلف، _c 2018 . |
||
| 300 |
_a192 ص. : _bصور لو. ؛ _c24 سم. |
||
| 650 | 0 | 7 |
_2qrmak _aالالات الموسيقية _zمصر |
| 650 | 0 | 7 | _aالرق |
| 650 | 0 | 7 | _aالصاجات |
| 650 | 0 | 7 | _aالربابة |
| 650 | 0 | 7 | _aموسيقى الزار |
| 942 |
_2ddc _cBK |
||